000 01376cam a2200373 4500
001 J119817
008 020314n2002 000 0 eng u
035 _a(Sirsi) u119817
041 _aeng.
050 _a333.337
110 _aRoyal Institution of Chartered Surveyors
_bProperty in Business
_94353
240 _aProperty in business
245 _aHow bricks and mortar could boost your profits, whatever business you're in
260 _aLondon
_bRICS
_c2002
300 _a11p.
_c30cm.
520 _aPublicity brochure highlighting the findings of the "Bootle report" and the benefits of to business of employing a chartered surveyor. Further information and guidance is available on the RICS Property in business website at www.propertyinbusiness.co.uk.
650 _aFACILITIES MANAGEMENT
_96240
650 _aProperty management
_96262
650 _aTAXATION
650 _aCORPORATE OCCUPIERS
650 _aBUSINESS RATES
650 _aPROPERTY OWNERS
650 _aPROPERTY-COMMERCIAL PROPERTY
650 _aOFFICE SPACE
650 _aRETAIL SPACE
650 _aINDUSTRIAL SPACE
650 _aSPACE UTILISATION
650 _aHOT DESKING
650 _aBUSINESS ASSETS
690 _aMANAGEMENT-BUSINESS MANAGEMENT
710 _aRoyal Institution of Chartered Surveyors
_94900
856 _uhttps://www.propertyinbusiness.co.uk
942 _n0
999 _c102412
_d102412